| 000 | 00554nam a22001937a 4500 | ||
|---|---|---|---|
| 005 | 20251108174731.0 | ||
| 008 | 250721s2007 xx 000 0 ara d | ||
| 082 | 1 | 4 | _a153.1/ملا |
| 100 | 1 | _aالملا، جمال | |
| 245 | 1 | 0 | _aالذاكرة : 7 خطوات سهلة لتحسين ذاكرتك / |
| 264 | 1 |
_aالكويت : _bالإبداع الفكري، _c2007. |
|
| 300 | _a130ص. | ||
| 650 | 1 | 7 | _aالذاكره |
| 650 | 1 | 7 | _aالتعلم |
| 650 | 1 | 7 | _aالتفكير |
| 650 | 1 | 7 | _aعلم النفس |
| 942 |
_2ddc _cBK |
||
| 999 |
_c116646 _d116646 |
||